| 000 | nam a22 7a 4500 | ||
|---|---|---|---|
| 999 |
_c233479 _d233479 |
||
| 003 | Nust | ||
| 005 | 20170308110232.0 | ||
| 008 | 170308b xxu||||| |||| 00| 0 eng d | ||
| 020 | _a81-239-0614-5 | ||
| 040 | _cASAB | ||
| 082 | _a615.19 | ||
| 245 |
_aPharmaceutical Biotechnology _cS.P. VYAS |
||
| 246 | _apharmaceutical biotechnology | ||
| 300 | _a674 p | ||
| 942 |
_2ddc _cBK |
||